Акрополь: избранные литературно-критические статьи

書誌詳細
第一著者: Мережковский Д. С. Дмитрий Сергеевич
その他の著者: Поварцов С. Н. (составитель)
言語:ロシア語
出版事項: Москва, Книжная палата, 1991
シリーズ:Из архива печати
主題:
フォーマット: 図書
KOHA link:https://koha.lib.tpu.ru/cgi-bin/koha/opac-detail.pl?biblionumber=115674

MARC

LEADER 00000nam0a2200000 4500
001 115674
005 20231101215257.0
010 |a 5700002922 
020 |a RU  |b 91-35867 
035 |a (RuTPU)RU\TPU\book\125104 
090 |a 115674 
100 |a 20070511d1991 m y0rusy5003 ca 
101 0 |a rus 
102 |a RU 
105 |a a z 000ay 
200 1 |a Акрополь  |e избранные литературно-критические статьи  |f Д. С. Мережковский  |g сост., авт послесл. коммент. С. Н. Поварцов 
210 |a Москва  |c Книжная палата  |d 1991 
215 |a 351 с.  |c портр.  |d 22 см 
225 1 |a Из архива печати 
610 1 |a западноевропейская литература 
610 1 |a русская литература 
610 1 |a литературно-критические статьи 
675 |a Р1  |z rus  |v 3 
700 1 |a Мережковский  |b Д. С.  |c русский писатель  |c религиозный философ  |c поэт  |f 1865-1941  |g Дмитрий Сергеевич  |2 stltpush  |3 (RuTPU)RU\TPU\pers\1229  |9 550 
702 1 |a Поварцов  |b С. Н.  |4 220 
801 0 |a RU  |b RuMRKP  |c 19950417  |g psbo 
801 1 |a RU  |b 63413507  |c 20070511  |g PSBO 
801 2 |a RU  |b 63413507  |c 20070828  |g PSBO 
942 |c BK